000 nam a22 7a 4500
999 _c174689
_d174689
003 Nust
005 20170207115318.0
008 170207b xxu||||| |||| 00| 0 eng d
040 _c0
050 _a628 QUR
082 _a628 QUR
100 _aQureshi,Ifran Ahmad
245 _aCharacterization & Treatment Of Wastewater Using Grass Plots (Nala Lai Case)
_cIrfan Ahmad Qureshi
260 _aRawalpindi
_bIESE (SCEE) NUST
_c2005
300 _a67 p.
_bHB.
440 _aMS Environmental Engineering
500 _aThesis MS EE
650 _aEnvironmental Engineering
700 _4Dr. M Anwar Baig (Supervisor)
942 _2ddc
_cTHE
_kIESE